LDR 00897naa#a2200217#i#450# 001 EN\\bibl\121482 005 20260429033901.3 011 ## _a1994-4683 100 ## _a20230531b2023####ek#y0engy0150####ca 102 ## _aRU 200 1# _aIMPROVING THE PHYSICAL FITNESS OF NAVAL CADETS ENTERING THE MILITARY TRAINING CENTER _eJournal article 210 1# _aMoscow _cNational State University of Physical Education, Sports and Health named after P.F. Lesgaft _d2023 215 ## _a3 с. 608 ## _aJournal article _2local 675 ## _aДругие методы и формы тренировки, например имитирующая тренировка, идеомоторная тренировка, ментальная тренировка,аутогенная тренировка. 796.015.59 _z 700 #1 _a _g 700 #1 _a _g 700 #1 _a _g 700 #1 _a _g 700 #1 _a _g 856 4# _auchzapiski.lesgaft.spb.ru _u